000 00488nam a2200181Ia 4500
005 20250923144508.0
008 008 250917s9999 xx 000 0 eng d
037 _aTextual
040 _aDSWL
_beng
_cDSWL
041 _aeng
_2eng
084 _qDSWL
100 _aZnaniecky, Florian
_9825461
245 0 _aMethod of sociology
_cby Florian Znaniecky
260 _aNew York
_b Rinehart & Co
_c1934
300 _axii,338p.
942 _cTEXL
999 _c1439633
_d1439633